Climate change adaptation, resilience and hazards (Record no. 40300)

000 -LEADER
fixed length control field 00697nam a22002535i 4500
001 - CONTROL NUMBER
control field 40300
003 - CONTROL NUMBER IDENTIFIER
control field BD-DhUET
008 - FIXED-LENGTH DATA ELEMENTS--GENERAL INFORMATION
fixed length control field 160629s2016 nyu 000 0 eng
020 ## - INTERNATIONAL STANDARD BOOK NUMBER
International Standard Book Number 9783319398792
040 ## - CATALOGING SOURCE
Original cataloging agency DLC
Language of cataloging eng
Transcribing agency DLC
Modifying agency BD-DhUET
082 ## - DEWEY DECIMAL CLASSIFICATION NUMBER
Classification number 363.73874
Item number FIL/2016
100 ## - MAIN ENTRY--PERSONAL NAME
Personal name Filho, Walter Leal
245 00 - TITLE STATEMENT
Title Climate change adaptation, resilience and hazards
250 ## - EDITION STATEMENT
Edition statement 1st ed.
260 ## - PUBLICATION, DISTRIBUTION, ETC. (IMPRINT)
Place of publication, distribution, etc. Switzerland
Name of publisher, distributor, etc. Springer International Publishing
Date of publication, distribution, etc. 2016
300 ## - PHYSICAL DESCRIPTION
Extent ix, 456p.
490 ## - SERIES STATEMENT
Series statement Climate change management
504 ## - BIBLIOGRAPHY, ETC. NOTE
Bibliography, etc Includes bibliographies
650 #0 - SUBJECT ADDED ENTRY--TOPICAL TERM
Topical term or geographic name as entry element Natural disasters
700 ## - ADDED ENTRY--PERSONAL NAME
Personal name Musa, Haruna
700 ## - ADDED ENTRY--PERSONAL NAME
Personal name Cavan, Gina
700 ## - ADDED ENTRY--PERSONAL NAME
Personal name O' Hare, Paul
942 ## - ADDED ENTRY ELEMENTS (KOHA)
Koha item type Edited Book
Holdings
Piece designation (barcode) Koha full call number Koha item type Shelving location Copy number Damaged status Not for loan Source of classification or shelving scheme Date acquired Location (home branch) Koha normalized classification for sorting Koha date last seen Price effective from Lost status Sublocation or collection (holding branch) Withdrawn status
115250363.73874/FIL/2016Edited BookCirculation section1   2017-06-18Central Library, BUET363_738740000000000_FIL_20162017-08-302017-08-30 Central Library, BUET 
115251363.73874/FIL/2016Edited BookCirculation section2   2017-06-18Central Library, BUET363_738740000000000_FIL_20162017-08-302017-08-30 Central Library, BUET